Lyžníci, velocipedisté a ti druzí : [katalog výstavy] : Dietrichsteinský palác, Brno. 17.3.-31.8.2000 /

Hlavní autor: Poláková, Zdena, 1954-
Další autoři: Jelínková, Eva, 1950-2013
Jazyk: Čeština
Vydáno: Brno : Moravské zemské muzeum, 2000
Témata:
Fyzický popis: 38 s. : il. ; 24 cm
Knihy
Uloženo v:
LEADER 01294nam a2200361 a 4500
001 000475548
003 CZ BrMZK
005 20081118095639.0
007 ta
008 010907s2000 xr e c cze d
015 |a cnb000966850 
020 |a 80-7028-151-0 
035 |a (OCoLC)45034526 
040 |a BOA001  |b cze 
072 7 |a 796  |x Sport. Hry. Tělesná cvičení  |2 Konspekt  |9 20 
080 |a 796/799  |2 MRF 
080 |a 796.071.2  |2 MRF 
080 |a 796.92  |2 MRF 
080 |a 796.6  |2 MRF 
080 |a (083.824)  |2 MRF 
100 1 |a Poláková, Zdena,  |d 1954-  |7 jn20001103342  |4 aut 
245 1 0 |a Lyžníci, velocipedisté a ti druzí :  |b [katalog výstavy] : Dietrichsteinský palác, Brno. 17.3.-31.8.2000 /  |c [text katalogu: Zdena Poláková, Eva Jelínková]. 
260 |a Brno :  |b Moravské zemské muzeum,  |c 2000 
300 |a 38 s. :  |b il. ;  |c 24 cm 
650 0 7 |a sport  |7 ph116248  |2 czenas 
650 0 7 |a sportovci  |7 ph125942  |2 czenas 
650 0 7 |a lyžování  |7 ph115188  |2 czenas 
650 0 7 |a cyklistika  |7 ph114273  |2 czenas 
655 7 |a katalogy výstav  |7 fd132536  |2 czenas 
700 1 |a Jelínková, Eva,  |d 1950-2013  |7 jn20001103341  |4 aut 
910 |a BOA001  |b 2-1071.836 
990 |a BK 
996 6 |b 2610113237  |c 2-1071.836  |l MZK  |r Sklad / do 1 hodiny  |n 5  |p p.v.  |w 000475548  |u 000010  |a 1  |e BOA001  |j MZK50  |s P